00631nam a2200193Ia 4500008004100000020001800041082001200059100002400071245002800095250000800123260007000131300002400201500001900225600002000244650002000264942000700284952012900291999001700420240925s9999 xx 000 0 und d a9780070263642 a337 CHE aCherunilam, Francis 0aInternational Economics a5th aNew Delhi:bMcGraw Hill Education (India) Private Limitedc,2017. a1076p.b0fOriginal aIncludes Index aSocial Sciences aSocial Sciences cBK 001040708SSaUITUbUITUd2019-01-22eAllied Book Companyg696.80l0o337 CHEpQ13965r2024-09-25 07:17:04w2024-09-25yBK c16464d16464